000240444 001__ 240444
000240444 005__ 20210922173119.0
000240444 0247_ $$2BMBF$$aG:(BMBF)0704506 /6$$d0704506 /6
000240444 0247_ $$2Dimensions$$aG:(Dimensions)grant.8030878$$dgrant.8030878
000240444 035__ $$aG:(BMBF)0704506 /6
000240444 150__ $$aEntwicklung einer kryogenen Sammelmethode für freie Radikale nach der Matrix-Isolations-Technik zur Messung der stratosphärischen Radikalkonzentrationen mittels Elektronenspinresonanz$$y1976-05-01 - 1979-12-31
000240444 5101_ $$0I:(DE-588b)5309538-8 $$aFederal Ministry of Education and Research$$bBMBF
000240444 909CO $$ooai:juser.fz-juelich.de:896299$$pauthority$$pauthority:GRANT
000240444 909CO $$ooai:juser.fz-juelich.de:896299
000240444 980__ $$aG
000240444 980__ $$aAUTHORITY